Can You Name These 10 Random Island Countries - Statistics

General Stats
  • This quiz has been taken 2,289 times
  • The average score is 9 of 10
Answers on the Map
Answers color-coded by a green-red scale on the quiz's map according to % correct below.
 
Answer Stats
Country % Correct
Iceland
100%
Japan
100%
United Kingdom
100%
Indonesia
99%
Madagascar
99%
Cuba
98%
Papua New Guinea
98%
Philippines
98%
Sri Lanka
98%
New Zealand
97%
Bahamas
96%
Haiti
95%
Ireland
95%
Taiwan
95%
Cyprus
94%
Fiji
94%
Kiribati
93%
Solomon Islands
93%
Malta
92%
Comoros
91%
Fed. States of Micronesia
91%
Seychelles
91%
Vanuatu
91%
Dominican Republic
90%
Jamaica
90%
Marshall Islands
90%
Samoa
90%
Palau
89%
East Timor
87%
Maldives
87%
Nauru
87%
Tuvalu
87%
Cape Verde
86%
São Tomé and Príncipe
86%
Trinidad and Tobago
86%
Mauritius
85%
Tonga
84%
St. Lucia
70%
Dominica
67%
Grenada
66%
Antigua and Barbuda
62%
St. Kitts and Nevis
61%
St. Vincent and Grenadines
58%
Barbados
56%
Bahrain
44%
Singapore
43%
No matching quizzes found
Score Distribution
Percent of People with Each Score
Percentile by Number Answered
Your Score History
You have not taken this quiz